[Event "SVK-chT2A 2122"]
[Site "Slovakia"]
[Date "2022.04.30"]
[Round "10.2"]
[White "Abel, Peter"]
[Black "Privara, Igor"]
[Result "1/2-1/2"]
[WhiteElo "2231"]
[BlackElo "2063"]
[PlyCount "114"]
[EventDate "2021.10.16"]
[EventType "team-tourn"]
[EventRounds "11"]
[EventCountry "SVK"]
[SourceTitle "EXT 2023"]
[Source "ChessBase"]
[SourceDate "2022.10.05"]
[SourceVersion "1"]
[SourceVersionDate "2022.10.05"]
[SourceQuality "1"]
[WhiteTeam "Piestany Kupele"]
[BlackTeam "Bratislava Slovan V"]
[WhiteTeamCountry "SVK"]
[BlackTeamCountry "SVK"]

1. c4 e6 2. Nf3 d5 3. g3 c5 4. Bg2 Nc6 5. 0-0 Nf6 6. cxd5 exd5 7. d4 Be7 8. Nc3 0-0 9. Bg5 c4 10. Ne5 Be6 11. b3 Qa5 12. Na4 h6 13. Nxc6 bxc6 14. Bd2 Qa6 15. Bf4 Rac8 16. Qc2 Rfd8 17. Rfd1 Qa5 18. bxc4 dxc4 19. e4 Qh5 20. f3 Rd7 21. Rab1 Rcd8 22. Be3 Qg6 23. Qc3 h5 24. Bf2 h4 25. Qe3 hxg3 26. hxg3 Qh5 27. Qc3 g6 28. Kf1 Bh3 29. Bxh3 Qxh3+ 30. Ke2 Qe6 31. Be3 Bf8 32. Kf2 Re8 33. Qc2 Red8 34. Nc3 Re8 35. Qa4 Nd5 36. Qa5 c5 37. Nxd5 Rxd5 38. dxc5 Rxd1 39. Rxd1 Qh3 40. Qb5 Qh2+ 41. Kf1 Rc8 42. Bf2 c3 43. Qc4 c2 44. Re1 Bxc5 45. Bxc5 Qh5 46. Qxc2 Qxf3+ 47. Qf2 Qh1+ 48. Qg1 Qh3+ 49. Ke2 Qh5+ 50. g4 Qxc5 51. Qxc5 Rxc5 52. Ke3 Ra5 53. Re2 Kg7 54. Kf4 Kf6 55. g5+ Ke6 56. Rc2 Ra6 57. Rd2 Ra5 1/2-1/2

[Event "SVK-chT1W 2122"]
[Site "Slovakia"]
[Date "2022.04.23"]
[Round "8.4"]
[White "Kalisky, Vladimir"]
[Black "Privara, Igor"]
[Result "0-1"]
[WhiteElo "2117"]
[BlackElo "2081"]
[PlyCount "102"]
[EventDate "2021.11.06"]
[EventType "team-tourn"]
[EventRounds "11"]
[EventCountry "SVK"]
[SourceTitle "EXT 2023"]
[Source "ChessBase"]
[SourceDate "2022.10.05"]
[SourceVersion "1"]
[SourceVersionDate "2022.10.05"]
[SourceQuality "1"]
[WhiteTeam "Nitra NSK"]
[BlackTeam "Bratislava Slovan II"]
[WhiteTeamCountry "SVK"]
[BlackTeamCountry "SVK"]

1. e4 c5 2. Nf3 Nc6 3. d4 cxd4 4. Nxd4 g6 5. c4 Nf6 6. Nc3 d6 7. Be2 Nxd4 8. Qxd4 Bg7 9. Be3 0-0 10. Qd1 Qa5 11. 0-0 a6 12. f3 Be6 13. Qd2 Rfc8 14. Rac1 Bxc4 15. Nd5 Qxd2 16. Nxe7+ Kf8 17. Bxd2 Kxe7 18. Bxc4 Nd7 19. b3 Bd4+ 20. Kh1 Nb6 21. Bd3 Rxc1 22. Rxc1 Rc8 23. Rd1 Rc6 24. g3 Bc3 25. Bc1 Nd7 26. Ba3 b5 27. Bc1 Ne5 28. Be2 h5 29. Kg2 Bb4 30. a3 Rc2 31. Kf1 Bc5 32. Ke1 Rc3 33. Kd2 b4 34. Bb2 Nxf3+ 35. Bxf3 Rxf3 36. axb4 Bxb4+ 37. Ke2 Rxb3 38. Bd4 a5 39. Ra1 Ra3 40. Rxa3 Bxa3 41. h3 a4 42. g4 hxg4 43. hxg4 Bc1 44. Kd3 a3 45. Kc2 Bb2 46. Be3 Ke6 47. Bf4 d5 48. exd5+ Kxd5 49. g5 Ke6 50. Bd6 Kf5 51. Be7 Be5 0-1

[Event "Tatranska Lomnica Tatry op"]
[Site "Tatranska Lomnica"]
[Date "2021.10.08"]
[Round "8"]
[White "Privara, Igor"]
[Black "Sevcikova, Lucia"]
[Result "0-1"]
[WhiteElo "2128"]
[BlackElo "1998"]
[PlyCount "98"]
[EventDate "2021.10.02"]
[EventType "swiss"]
[EventRounds "9"]
[EventCountry "SVK"]
[SourceTitle "EXT 2023"]
[Source "ChessBase"]
[SourceDate "2022.10.05"]
[SourceVersion "1"]
[SourceVersionDate "2022.10.05"]
[SourceQuality "1"]

1. e4 e6 2. d4 d5 3. e5 c5 4. c3 Nc6 5. Nf3 Qb6 6. Bd3 Bd7 7. dxc5 Bxc5 8. 0-0 Qc7 9. Re1 h6 10. Nbd2 Nge7 11. Nb3 Bb6 12. Nbd4 a6 13. h4 0-0-0 14. b4 Nxd4 15. cxd4 Kb8 16. Bb2 Rc8 17. a4 Qd8 18. Qb3 Qe8 19. b5 a5 20. Rec1 f5 21. Ba3 Rxc1+ 22. Rxc1 Nc8 23. Bc5 Qd8 24. Qc3 Rg8 25. h5 g6 26. hxg6 Rxg6 27. Bf1 h5 28. Nd2 Bc7 29. b6 Bxb6 30. Bxb6 Qxb6 31. Rb1 Qc7 32. Qa3 b6 33. Rc1 Qb7 34. Nb3 Bc6 35. Rb1 Qa7 36. Nc5 Ka8 37. Na6 Rg8 38. Rc1 Qd7 39. Bb5 Na7 40. Qd6 Qxd6 41. exd6 Kb7 42. Nc7 Rd8 43. Ba6+ Kb8 44. Nxe6 Rxd6 45. Nf4 Bxa4 46. Bd3 Bd7 47. Nxh5 Nc6 48. Bb5 Nxd4 49. Bxd7 Ne2+ 0-1

[Event "Tatranska Lomnica Tatry op"]
[Site "Tatranska Lomnica"]
[Date "2021.10.07"]
[Round "7"]
[White "Mikulas, Dusan"]
[Black "Privara, Igor"]
[Result "1-0"]
[WhiteElo "2003"]
[BlackElo "2128"]
[PlyCount "47"]
[EventDate "2021.10.02"]
[EventType "swiss"]
[EventRounds "9"]
[EventCountry "SVK"]
[SourceTitle "EXT 2023"]
[Source "ChessBase"]
[SourceDate "2022.10.05"]
[SourceVersion "1"]
[SourceVersionDate "2022.10.05"]
[SourceQuality "1"]

1. e4 c5 2. Nf3 Nc6 3. d4 cxd4 4. Nxd4 g6 5. Nc3 Bg7 6. Be3 Nf6 7. Nb3 0-0 8. Be2 d6 9. 0-0 Be6 10. f4 Qc8 11. Qd2 Rd8 12. Rad1 Bg4 13. h3 Bxe2 14. Qxe2 Nh5 15. Qf2 Bxc3 16. bxc3 Nf6 17. f5 Nxe4 18. Qh4 Nf6 19. Bh6 Ne8 20. Rde1 Ne5 21. Qxe7 Ng7 22. fxg6 hxg6 23. Bxg7 Re8 24. Qxd6 1-0

[Event "Tatranska Lomnica Tatry op"]
[Site "Tatranska Lomnica"]
[Date "2021.10.03"]
[Round "2"]
[White "Privara, Igor"]
[Black "Manik, Mikulas"]
[Result "0-1"]
[WhiteElo "2128"]
[BlackElo "2351"]
[PlyCount "84"]
[EventDate "2021.10.02"]
[EventType "swiss"]
[EventRounds "9"]
[EventCountry "SVK"]
[SourceTitle "EXT 2023"]
[Source "ChessBase"]
[SourceDate "2022.10.05"]
[SourceVersion "1"]
[SourceVersionDate "2022.10.05"]
[SourceQuality "1"]

1. e4 c5 2. c3 Nf6 3. e5 Nd5 4. Nf3 Nc6 5. Bc4 Nb6 6. Bb3 c4 7. Bc2 g6 8. 0-0 Bg7 9. Qe2 d6 10. exd6 Qxd6 11. Na3 Qe6 12. Qxe6 Bxe6 13. b3 0-0-0 14. Re1 Nb4 15. Rxe6 fxe6 16. Ng5 Nxc2 17. Nxc2 Bxc3 18. Rb1 cxb3 19. axb3 Rd5 20. Ne4 Bf6 21. Ne3 Ra5 22. Kf1 Ra1 23. Rxa1 Bxa1 24. Nc5 e5 25. Nc2 Bd4 26. Ne6 Kd7 27. Nexd4 exd4 28. Nxd4 Nd5 29. Bb2 Rb8 30. Nb5 a6 31. Nc3 Nxc3 32. Bxc3 Kc6 33. Ke2 Kd5 34. d3 e5 35. f3 b6 36. Kd2 a5 37. Kc2 Ra8 38. Kd2 b5 39. Bb2 Rc8 40. Ba3 b4 41. Bb2 Rc5 42. Kd1 Kc6 0-1

[Event "SVK-ch Seniors 65"]
[Site "Tatranske Matliare"]
[Date "2021.06.24"]
[Round "6"]
[White "Privara, Igor"]
[Black "Sturc, Jan"]
[Result "1-0"]
[WhiteElo "2162"]
[BlackElo "1949"]
[PlyCount "69"]
[EventDate "2021.06.20"]
[EventType "swiss"]
[EventRounds "9"]
[EventCountry "SVK"]
[SourceTitle "EXT 2022"]
[Source "ChessBase"]
[SourceDate "2021.10.06"]
[SourceVersion "1"]
[SourceVersionDate "2021.10.06"]
[SourceQuality "1"]

1. e4 c5 2. c3 d5 3. exd5 Qxd5 4. d4 g6 5. Na3 Bh6 6. Nb5 Na6 7. dxc5 Qxc5 8. Nf3 Bxc1 9. Rxc1 Nf6 10. b4 Qb6 11. Qd4 Qe6+ 12. Qe5 0-0 13. Qxe6 Bxe6 14. a3 Rfc8 15. Nbd4 Bc4 16. Bxc4 Rxc4 17. Ne5 Rcc8 18. Ke2 Nc7 19. c4 Rd8 20. Rhd1 Nfe8 21. Nb3 f6 22. Nd3 e5 23. f4 exf4 24. Nxf4 Kf7 25. Na5 Nd6 26. c5 Re8+ 27. Kf3 Nf5 28. Nxb7 Nb5 29. Rd7+ Kg8 30. Rcd1 Re3+ 31. Kf2 Rxa3 32. Nd8 Ra2+ 33. Kg1 Ng7 34. Re1 Nc7 35. Rxc7 1-0

[Event "SVK-ch Seniors 65"]
[Site "Tatranske Matliare"]
[Date "2021.06.22"]
[Round "3"]
[White "Lacha, Jan"]
[Black "Privara, Igor"]
[Result "1-0"]
[WhiteElo "1806"]
[BlackElo "2162"]
[PlyCount "59"]
[EventDate "2021.06.20"]
[EventType "swiss"]
[EventRounds "9"]
[EventCountry "SVK"]
[SourceTitle "EXT 2022"]
[Source "ChessBase"]
[SourceDate "2021.10.06"]
[SourceVersion "1"]
[SourceVersionDate "2021.10.06"]
[SourceQuality "1"]

1. e4 c5 2. Nc3 Nc6 3. g3 g6 4. Bg2 Bg7 5. Nge2 d6 6. d3 e5 7. 0-0 h5 8. f4 h4 9. f5 Nh6 10. fxg6 fxg6 11. Qd2 Nf7 12. Nd5 hxg3 13. hxg3 Be6 14. Nec3 Nd4 15. a4 Qd7 16. Nf6+ Bxf6 17. Rxf6 0-0-0 18. Qf2 Rh7 19. Be3 Nh6 20. Bxh6 Rxh6 21. Nb5 a6 22. Nxd4 cxd4 23. c3 d5 24. cxd4 dxe4 25. Bxe4 Bd5 26. Rc1+ Kb8 27. Rf8 Rh5 28. Qf6 Re8 29. Rxe8+ Qxe8 30. Qd6+ 1-0